000 01305nam a2200325 i 4500
003 EG-GICUC
005 20260212100855.0
008 260212s2019 ua ||||fr|||| 00| 0 ara d
017 _a2019/19267
020 _a9789770490068
040 _a EG-GICUC
_bara
_c EG-GICUC
_d EG-GICUC
_erda
041 _aara
082 0 4 _a343.421
_bم م . إ
_221
092 0 4 _221
099 _aLaw1 10 343.421 م م . إ 1 ed - 1984 1006528
100 0 _aممدوح عبد الحميد عبد المطلب.
_eمؤلف.
245 1 0 _aإدارة الشرطة لعمليات مكافحة الإرهاب /
_cالأستاذ الدكتور ممدوح عبد الحميد عبد المطلب.
250 _aالطبعة الأولى،
264 1 _aالقاهرة :
_bدار النهضة العربية للنشر والتوزيع
_c2019.
300 _a333 ؛ صفحة
_c24 سم
_bإيضاحيات، صور، مثيليات ؛
336 _2rda content
_atext
337 _2rda media
_aComputer
338 _2rda carrier
_aOnline Resource
504 _aيشتمل على إرجاعات ببليوجرافية
650 1 _aالتشريعات المتعلقة بالمخدرات
_2qrmak
651 1 _2qrmak
856 4 0 _uhttps://fll.law.cu.edu.eg/fulltext/bks/B10-06528.pdf
905 _a18
942 _2ddc
_cBK
_e21
_n0
999 _c62742
_d62742